| 000 | 00654nam a2200205 a 4500 | ||
|---|---|---|---|
| 005 | 20230520063848.0 | ||
| 008 | 010907s2000 mx r 000 0 spa d | ||
| 020 | _a9687742984 | ||
| 035 | _aUPN01000111074 | ||
| 049 | _aCG | ||
| 050 | 4 |
_aLB14.5 _bS3.3 |
|
| 100 | 1 | _aSantiago Alzueta, Héctor Luis | |
| 245 | 1 | 3 |
_aEl dilema de la pedagogía : _b¿arte o ciencia? : un análisis epistemológico... / _cHéctor Luis Santiago Alzueta. |
| 260 |
_aMéxico : _bUPN, _c2000. |
||
| 300 | _a116 p. | ||
| 440 | 0 |
_aTextos ; _v16 |
|
| 650 | 2 |
_aEducación _xFilosofía _zMéxico _915786 |
|
| 650 | 2 |
_aEducación _zMéxico _xHistoria _ySiglo XIX _912878 |
|
| 905 | _aLibro | ||
| 999 |
_c84983 _d84983 |
||